000 01062nam a22002537a 4500
005 20240530110456.0
008 150607s2012 ua cdkof b 000 0 ara d
017 _a7921
_bمصر . دار الكتب المصرية
020 _a9789773582505
040 _aEG-CaGPL
082 0 4 _221
_a612.01448\
_bع ت
100 0 _aعذاب طاهر الكنانى
245 1 2 _aالتأثيرات الصحية للهاتف الجوال و ابراجه وبعض الاجهزة الالكترونية /
_cتاليف عذاب طاهر الكنانى
250 _aط1
260 _aالقاهرة :
_bدار الفجر للنشر و التوزيع ،
_c2012 .
300 _a379 ص :
_bايض ؛
_c24 سم
504 _aيشتمل على ارجاعات ببليوجرافية
650 0 4 _aاخطار الاشعاع
650 0 4 _aالموجات اللاسلكية
650 0 4 _aالاشعاع الكهرومغناطيسى
653 _aالهاتف الجوال - التاثيرات الصحية
942 _2ddc
_cBK
999 _c61366
_d61366